| 000 | 00844cab a2200265 4500 | ||
|---|---|---|---|
| 001 | WB3427-33 | ||
| 008 | 090401t1998 xxu||||| |||| 00| 0 eng d | ||
| 035 | _a(Sirsi) u87474 | ||
| 041 | _aeng | ||
| 245 | _aGovernment backs deprivation plan | ||
| 260 | _c1998 | ||
| 350 | _a0 | ||
| 490 |
_aFinancial Times _v17 July 1998, 10(1) |
||
| 520 | _aThe Deputy Prime Minister backs plans by the Local Government Association to launch 22 pathfinder schemes aimed at bringing together public, private and sector voluntary organisatons to fight local deprivation. | ||
| 650 | _aDEPRIVED AREAS | ||
| 650 | _aJOINT VENTURES | ||
| 650 | _aLOCAL AUTHORITIES | ||
| 650 | _aPRIVATE SECTOR | ||
| 650 | _aPUBLIC SECTOR | ||
| 650 | _aREGENERATION | ||
| 650 | _aVOLUNTARY SECTOR | ||
| 690 | _aURBAN RENEWAL | ||
| 942 | _n0 | ||
| 948 | _c17/07/1998 | ||
| 999 |
_c55172 _d55172 |
||